<?xml version="1.0" encoding="UTF-8"?>
<marc:record xmlns:marc="http://www.loc.gov/MARC21/slim">
   <marc:leader>00000nam a2200000 a 4500</marc:leader>
   <marc:datafield ind1="1" ind2=" " tag="100">
      <marc:subfield code="a">May, Marlen</marc:subfield>
      <marc:subfield code="4">aut</marc:subfield>
      <marc:subfield code="e">Verfasser/-in</marc:subfield>
   </marc:datafield>
   <marc:datafield ind1="0" ind2="0" tag="245">
      <marc:subfield code="a">Nebelwind</marc:subfield>
   </marc:datafield>
   <marc:datafield ind1="0" ind2="0" tag="245">
      <marc:subfield code="c">Marlen May</marc:subfield>
   </marc:datafield>
   <marc:datafield ind1=" " ind2="1" tag="264">
      <marc:subfield code="a">Norderstedt</marc:subfield>
      <marc:subfield code="b">BoD – Books on Demand</marc:subfield>
      <marc:subfield code="c">2020</marc:subfield>
   </marc:datafield>
   <marc:datafield ind1="1" ind2=" " tag="490">
      <marc:subfield code="a">Nebelwind Trilogie</marc:subfield>
      <marc:subfield code="v">1</marc:subfield>
   </marc:datafield>
   <marc:datafield ind1="1" ind2=" " tag="520">
      <marc:subfield code="a">Angaben aus der Verlagsmeldung

Nebelwind / von Marlen May

Blumen töten, Wolken sprechen, Blätter fliegen

Alyssas Welt wird auf den Kopf gestellt, als sie sich plötzlich in Makára, dem Land Hinter den Nebeln, wiederfindet. Nicht nur, dass Magie hier allgegenwärtig ist und harmlosen Blumen Zähne wachsen. Nein, sogar sie selbst scheint sich zu verändern. Da ist etwas tief in ihr, das nur darauf wartet zu erwachen ...
Und waräe da nicht ein junger Kämpfer, der ihr Herz in einen Kolibri verwandelt, würde sie vielleicht aufgeben.

... Er zog mich mit einem Ruck hoch, sodass ich tölpelhaft gegen seine Brust gedrückt wurde. Die Nähe zu ihm machte mich nervös und ich spürte, wie mir das Blut in die Wangen schoss. Trotzdem konnte ich mich nicht sofort von ihm lösen. Im Gegenteil, wie betäubt sog ich den angenehmen Geruch nach Wald und Kräutern ein, der ihm anhaftete ...
</marc:subfield>
   </marc:datafield>
   <marc:datafield ind1=" " ind2=" " tag="020">
      <marc:subfield code="a">9783750421714</marc:subfield>
      <marc:subfield code="9">9783750421714</marc:subfield>
   </marc:datafield>
   <marc:datafield ind1=" " ind2=" " tag="020">
      <marc:subfield code="a">3750421714</marc:subfield>
      <marc:subfield code="9">3750421714</marc:subfield>
   </marc:datafield>
   <marc:datafield ind1=" " ind2=" " tag="300">
      <marc:subfield code="a">334 Seiten</marc:subfield>
   </marc:datafield>
</marc:record>
